| 000 | 00468nam a2200121Ia 4500 | ||
|---|---|---|---|
| 008 | 220615s9999||||xx |||||||||||||| ||und|| | ||
| 245 | 0 |
_aLearning the Nuclear _bEducational Tourism in (Post)Industrial Sites |
|
| 546 | _aEnglish[eng] | ||
| 650 | _aEducational||Industrial||Learning||Mažeikienė||Nuclear||Post||Sites||Tourism | ||
| 700 | _aMazeikiene, Natalija | ||
| 856 | _uhttps://library.oapen.org/bitstream/20.500.12657/49745/1/9783631847343.pdf | ||
| 942 | _cEB | ||
| 999 |
_c12790 _d12790 |
||